000 00327nam a2200145Ia 4500
100 _aGoyal/ S.C.
250 _a3
942 _cBK
654 _acommunication
245 _aPrinciples of communication engineering
260 _bTech. Publications
_aPune
_c1996
082 _a621.382
_bGOY
300 _a236
546 _aENGLISH
999 _c23964
_d23964